000 00955nam a2200229 a 4500
001 000037147
005 20200930080154.0
008 120217s1973 mx 000 0 spa d
040 _aDO-SdBNP
_bspa
_cBNPHU
082 _axxxx
_bE49e
100 1 _aElsey, Freeman F.
_963550
240 1 0 _aBusiness and economic statistics a programmed introduction
245 1 0 _aEstadística aplicada al comercio y la economía. :
_binstrucción programda /
_cFreeman F. Elsey; prólogo Marion J. L. Gandulfo, traducción Contadora Cristina Wirth.
260 _aMéxico :
_bEdiciones Marymar
_bAgencia para el Deserrollo Internacional (AID),
_c1973.
300 _a448 p. ;
_c23 cm.
490 1 _aBiblioteca de economía
500 _aTraduccido del inglés
700 1 _aGandulfo, Marion J. L.
_963551
710 2 _aCentro Regional de Ayuda Técnica
_949164
710 2 _aAgencia para el Deserrollo Internacional (AID)
_963552
830 0 _aBiblioteca de economía
_952412
999 _c36637
_d36637